| 000 | 00451nam a2200157 a 4500 | ||
|---|---|---|---|
| 001 | 5436 | ||
| 003 | CDMR | ||
| 005 | 20130327093619.0 | ||
| 008 | 130130s1999||||||||||||||||||||||||||||d | ||
| 020 | _a9788439346838 | ||
| 040 |
_aCDMR _bcat _cCDMR |
||
| 245 | 0 | 0 |
_aPoesia visual catalana _b: 14 de gener-23 de febrer de 1999 |
| 260 |
_aBarcelona _c1999 _bGeneralitat de Catalunya. Departament de Cultura |
||
| 500 | _aCatàleg d'exposició | ||
| 942 |
_cMON _2ddc |
||
| 999 |
_c5436 _d5436 |
||